IGOR - Album (Tyler, The Creator) - Statistics

General Stats
  • This quiz has been taken 452 times
  • The average score is 10 of 12
Answer Stats
# Title % Correct
2. EARFQUAKE
92%
1. IGOR'S THEME
92%
12. ARE WE STILL FRIENDS?
89%
6. NEW MAGIC WAND
87%
10. GONE, GONE/THANK YOU
85%
3. I THINK
83%
7. A BOY IS A GUN*
82%
8. PUPPET
81%
5. RUNNING OUT OF TIME
73%
11. I DON'T LOVE YOU ANYMORE
72%
4. EXACTLY WHAT YOU RUN FROM YOU END UP CHASING
65%
9. WHAT'S GOOD
65%
No matching quizzes found
Score Distribution
Percent of People with Each Score
Percentile by Number Answered
Your Score History
You have not taken this quiz